Poesia als Parcs : lletres i paisatges : Del 27 de maig al 6 de novembre de 2021 Del 27 de maig al 6 de novembre de 2021
Descripción Física:
6 pàgs. ; il. col. ; 21 cm.
Colección:
Poesia als Parcs. Lletres i paisatges
Materias:
Barcelona (Catalunya : Província). -- Xarxa de Parcs Naturals -- Activitats culturals
; Parcs Naturals -- Barcelona (Catalunya : Província) -- Activitats culturals
Idioma:
Catalán
MARC
| LEADER | 00000nam a22000007a 4500 | ||
|---|---|---|---|
| 001 | 27529 | ||
| 003 | Arxiu | ||
| 005 | 20260324181156.0 | ||
| 008 | 230320b spa||||| |||| 00| 0 cat d | ||
| 017 | |a B 10883-2021 | ||
| 040 | |a agdb |b cat | ||
| 110 | 1 | |9 7250 |a Barcelona (Catalunya : Província). |b Xarxa de Parcs Naturals | |
| 245 | |a Poesia als Parcs : lletres i paisatges : |b Del 27 de maig al 6 de novembre de 2021 | ||
| 260 | |a Barcelona : |b Diputació de Barcelona. Xarxa de Parcs Naturals ; |c 2021 | ||
| 300 | |a 6 pàgs. ; |b il. col. ; |c 21 cm. | ||
| 490 | |a Poesia als Parcs. Lletres i paisatges | ||
| 610 | 1 | 0 | |9 52895 |a Barcelona (Catalunya : Província). |b Xarxa de Parcs Naturals |x Activitats culturals |
| 650 | 0 | |a Parcs Naturals |z Barcelona (Catalunya : Província) |x Activitats culturals |9 50143 | |
| 942 | |2 udc |c ARXIU |n 1 | ||
| 952 | |0 0 |1 0 |2 udc |4 0 |6 FU74156 |7 1 |9 65676 |a Arxiu |b Arxiu |d 2023-03-20 |l 0 |o FU-74-156 |p 27529 |r 2023-03-20 00:00:00 |w 2023-03-20 |y ARXIU | ||
| 999 | |c 83204 |d 83204 | ||